[Event "Blitz 2018"]
[Site "Saint-Petersburg"]
[Date "2018.12.29"]
[Round "8"]
[Board "3"]
[White "Artemiev Vladislav (RUS)"]
[Black "Vitiugov Nikita (RUS)"]
[Result "1/2-1/2"]
[BlackElo "2696"]
[WhiteElo "2825"]
[LiveChessVersion "1.4.8"]

1. c4 {[%clk 0:03:02]} c6 {[%clk 0:03:03]} 2. Nf3 {[%clk 0:03:02]} d5
{[%clk 0:03:04]} 3. g3 {[%clk 0:03:03]} dxc4 {[%clk 0:03:01]} 4. Bg2
{[%clk 0:03:04]} Bf5 {[%clk 0:03:01]} 5. O-O {[%clk 0:03:04]} e6 {[%clk 0:03:01]}
6. a4 {[%clk 0:02:52]} Nd7 {[%clk 0:02:53]} 7. a5 {[%clk 0:02:49]} Be4
{[%clk 0:02:34]} 8. Nc3 {[%clk 0:02:01]} Bxf3 {[%clk 0:02:16]} 9. Bxf3
{[%clk 0:02:02]} a6 {[%clk 0:02:16]} 10. b3 {[%clk 0:02:00]} cxb3
{[%clk 0:02:09]} 11. Qxb3 {[%clk 0:02:00]} Qc7 {[%clk 0:02:09]} 12. d4
{[%clk 0:02:01]} Ngf6 {[%clk 0:01:52]} 13. Bf4 {[%clk 0:02:02]} Bd6
{[%clk 0:01:33]} 14. Bxd6 {[%clk 0:02:02]} Qxd6 {[%clk 0:01:34]} 15. Qxb7
{[%clk 0:02:02]} O-O {[%clk 0:01:35]} 16. Qxc6 {[%clk 0:01:46]} Qxd4
{[%clk 0:01:22]} 17. Rfd1 {[%clk 0:01:47]} Qa7 {[%clk 0:01:09]} 18. Qb7
{[%clk 0:01:12]} Ne5 {[%clk 0:01:02]} 19. Bg2 {[%clk 0:01:11]} Qxb7
{[%clk 0:00:46]} 20. Bxb7 {[%clk 0:01:12]} Ra7 {[%clk 0:00:46]} 21. Bg2
{[%clk 0:01:09]} g5 {[%clk 0:00:42]} 22. Na4 {[%clk 0:01:05]} Rc8
{[%clk 0:00:40]} 23. Rdc1 {[%clk 0:00:33]} Rac7 {[%clk 0:00:37]} 24. Rxc7
{[%clk 0:00:34]} Rxc7 {[%clk 0:00:38]} 25. Nb6 {[%clk 0:00:32]} Rc5
{[%clk 0:00:36]} 26. Bb7 {[%clk 0:00:27]} Nc6 {[%clk 0:00:35]} 27. Na4
{[%clk 0:00:21]} Rc2 {[%clk 0:00:33]} 28. Bxa6 {[%clk 0:00:18]} Nxa5
{[%clk 0:00:33]} 29. Bd3 {[%clk 0:00:18]} Rc7 {[%clk 0:00:29]} 30. Nb6
{[%clk 0:00:15]} Nb3 {[%clk 0:00:30]} 31. Ra3 {[%clk 0:00:06]} Nc5
{[%clk 0:00:28]} 32. Bc2 {[%clk 0:00:05]} Ncd7 {[%clk 0:00:27]} 33. Nxd7
{[%clk 0:00:05]} Rxd7 {[%clk 0:00:28]} 34. Ra5 {[%clk 0:00:05]} h6
{[%clk 0:00:28]} 35. Kg2 {[%clk 0:00:06]} Kg7 {[%clk 0:00:29]} 36. Ra4
{[%clk 0:00:07]} Rc7 {[%clk 0:00:30]} 37. Bd3 {[%clk 0:00:08]} Nd5
{[%clk 0:00:30]} 38. h4 {[%clk 0:00:08]} Rc5 {[%clk 0:00:28]} 39. Rd4
{[%clk 0:00:08]} Nf6 {[%clk 0:00:28]} 40. f4 {[%clk 0:00:06]} gxh4
{[%clk 0:00:29]} 41. gxh4 {[%clk 0:00:07]} Nd5 {[%clk 0:00:29]} 42. Kf3
{[%clk 0:00:06]} Ra5 {[%clk 0:00:27]} 43. Bc4 {[%clk 0:00:04]} Ra3+
{[%clk 0:00:28]} 44. Rd3 {[%clk 0:00:05]} 1/2-1/2

[Event "Blitz 2018"]
[Site "Saint-Petersburg"]
[Date "2018.12.29"]
[Round "8"]
[Board "4"]
[White "Zubov Alexander (UKR)"]
[Black "Andreikin Dmitry (RUS)"]
[Result "0-1"]
[BlackElo "2777"]
[WhiteElo "2729"]
[LiveChessVersion "1.4.8"]

1. d4 {[%clk 0:03:03]} g6 {[%clk 0:03:03]} 2. e4 {[%clk 0:03:01]} Bg7
{[%clk 0:03:04]} 3. Nf3 {[%clk 0:03:01]} d6 {[%clk 0:03:05]} 4. Bc4
{[%clk 0:03:02]} Nf6 {[%clk 0:03:04]} 5. Qe2 {[%clk 0:03:02]} O-O
{[%clk 0:03:01]} 6. e5 {[%clk 0:03:02]} Ne8 {[%clk 0:03:01]} 7. h3
{[%clk 0:02:51]} c5 {[%clk 0:02:59]} 8. dxc5 {[%clk 0:02:36]} dxe5
{[%clk 0:02:59]} 9. Nxe5 {[%clk 0:02:35]} Qd4 {[%clk 0:02:32]} 10. Ng4
{[%clk 0:01:57]} Bxg4 {[%clk 0:02:05]} 11. hxg4 {[%clk 0:01:46]} Qxc5
{[%clk 0:02:05]} 12. Be3 {[%clk 0:01:38]} Qc6 {[%clk 0:01:48]} 13. c3
{[%clk 0:01:01]} Nd6 {[%clk 0:01:47]} 14. Nd2 {[%clk 0:00:59]} Nd7
{[%clk 0:01:31]} 15. O-O {[%clk 0:00:57]} Ne5 {[%clk 0:01:22]} 16. Bb3
{[%clk 0:00:57]} b5 {[%clk 0:01:22]} 17. Bd4 {[%clk 0:00:55]} Nec4
{[%clk 0:01:23]} 18. Bxc4 {[%clk 0:00:47]} bxc4 {[%clk 0:01:13]} 19. Bxg7
{[%clk 0:00:45]} Kxg7 {[%clk 0:01:14]} 20. Nf3 {[%clk 0:00:40]} Rfe8
{[%clk 0:00:56]} 21. Rad1 {[%clk 0:00:39]} Rab8 {[%clk 0:00:56]} 22. Rfe1
{[%clk 0:00:36]} Kg8 {[%clk 0:00:41]} 23. g5 {[%clk 0:00:35]} Qc5
{[%clk 0:00:40]} 24. Ne5 {[%clk 0:00:35]} Rb5 {[%clk 0:00:34]} 25. Ng4
{[%clk 0:00:33]} Kg7 {[%clk 0:00:23]} 26. Qf3 {[%clk 0:00:17]} Nf5
{[%clk 0:00:14]} 27. Re5 {[%clk 0:00:13]} Qb6 {[%clk 0:00:15]} 28. Rxb5
{[%clk 0:00:08]} Qxb5 {[%clk 0:00:16]} 29. Rd2 {[%clk 0:00:09]} Qb6
{[%clk 0:00:11]} 30. Qe4 {[%clk 0:00:08]} Rd8 {[%clk 0:00:06]} 31. Re2
{[%clk 0:00:05]} Rd1+ {[%clk 0:00:06]} 32. Kh2 {[%clk 0:00:07]} Qd6+
{[%clk 0:00:07]} 33. f4 {[%clk 0:00:08]} Rd2 {[%clk 0:00:07]} 34. Rxd2
{[%clk 0:00:06]} Qxd2 {[%clk 0:00:08]} 35. Qxc4 {[%clk 0:00:06]} Qd1
{[%clk 0:00:06]} 36. Ne5 {[%clk 0:00:05]} Qh5+ {[%clk 0:00:04]} 37. Kg1
{[%clk 0:00:06]} Qd1+ {[%clk 0:00:06]} 38. Kh2 {[%clk 0:00:08]} Qh5+
{[%clk 0:00:06]} 39. Kg1 {[%clk 0:00:08]} Qd1+ {[%clk 0:00:08]} 40. Qf1
{[%clk 0:00:08]} Qd2 {[%clk 0:00:08]} 41. Qf2 {[%clk 0:00:09]} Qc1+
{[%clk 0:00:08]} 42. Kh2 {[%clk 0:00:10]} h6 {[%clk 0:00:06]} 43. g4
{[%clk 0:00:10]} Ne3 {[%clk 0:00:05]} 44. gxh6+ {[%clk 0:00:09]} Kh7
{[%clk 0:00:06]} 45. Kg3 {[%clk 0:00:08]} Nf1+ {[%clk 0:00:05]} 46. Kg2
{[%clk 0:00:08]} Ne3+ {[%clk 0:00:06]} 47. Kf3 {[%clk 0:00:09]} Nd5
{[%clk 0:00:06]} 48. Nd3 {[%clk 0:00:07]} Qh1+ {[%clk 0:00:05]} 49. Ke2
{[%clk 0:00:07]} Nf6 {[%clk 0:00:05]} 50. g5 {[%clk 0:00:08]} Ne4
{[%clk 0:00:05]} 51. Qf3 {[%clk 0:00:08]} Qh2+ {[%clk 0:00:06]} 52. Ke3
{[%clk 0:00:09]} Nd6 {[%clk 0:00:07]} 53. Kd4 {[%clk 0:00:08]} Qd2
{[%clk 0:00:06]} 54. Qd5 {[%clk 0:00:07]} Nf5+ {[%clk 0:00:06]} 55. Kc5
{[%clk 0:00:08]} Nd6 {[%clk 0:00:04]} 56. Qe5 {[%clk 0:00:08]} Nf5
{[%clk 0:00:04]} 57. Qd5 {[%clk 0:00:08]} Nd6 {[%clk 0:00:05]} 58. a4
{[%clk 0:00:09]} Qe3+ {[%clk 0:00:05]} 59. Kc6 {[%clk 0:00:10]} Qb6+
{[%clk 0:00:05]} 60. Kd7 {[%clk 0:00:12]} Qb8 {[%clk 0:00:06]} 61. Kxe7
{[%clk 0:00:11]} Qc7+ {[%clk 0:00:06]} 62. Kf6 {[%clk 0:00:07]} Ne8#
{[%clk 0:00:07]} 0-1

[Event "Blitz 2018"]
[Site "Saint-Petersburg"]
[Date "2018.12.29"]
[Round "8"]
[Board "6"]
[White "Le Quang Liem (VIE)"]
[Black "Yudin Sergei (RUS)"]
[Result "1-0"]
[LiveChessVersion "1.4.8"]
[BlackElo "2533"]
[WhiteElo "2749"]

1. c4 {[%clk 0:03:02]} e6 {[%clk 0:03:01]} 2. Nc3 {[%clk 0:03:03]} d5
{[%clk 0:03:02]} 3. d4 {[%clk 0:03:04]} c6 {[%clk 0:03:03]} 4. e4
{[%clk 0:03:04]} Bb4 {[%clk 0:03:02]} 5. e5 {[%clk 0:02:56]} Ne7 {[%clk 0:02:59]}
6. cxd5 {[%clk 0:02:48]} exd5 {[%clk 0:02:50]} 7. Bd3 {[%clk 0:02:47]} c5
{[%clk 0:02:48]} 8. a3 {[%clk 0:02:46]} Bxc3+ {[%clk 0:02:26]} 9. bxc3
{[%clk 0:02:47]} Nbc6 {[%clk 0:02:26]} 10. Ne2 {[%clk 0:02:47]} O-O
{[%clk 0:02:19]} 11. O-O {[%clk 0:02:47]} cxd4 {[%clk 0:02:09]} 12. cxd4
{[%clk 0:02:47]} Bf5 {[%clk 0:02:09]} 13. Bg5 {[%clk 0:02:30]} Qd7
{[%clk 0:02:07]} 14. Ng3 {[%clk 0:02:17]} Bxd3 {[%clk 0:01:56]} 15. Qxd3
{[%clk 0:02:18]} Qg4 {[%clk 0:01:45]} 16. f4 {[%clk 0:01:59]} f6 {[%clk 0:01:28]}
17. h3 {[%clk 0:01:57]} Qd7 {[%clk 0:01:27]} 18. exf6 {[%clk 0:01:55]} gxf6
{[%clk 0:01:28]} 19. Bh6 {[%clk 0:01:54]} Rf7 {[%clk 0:01:25]} 20. f5
{[%clk 0:01:54]} Nc8 {[%clk 0:01:14]} 21. Nh5 {[%clk 0:01:53]} Nd6
{[%clk 0:01:09]} 22. Rf4 {[%clk 0:01:23]} Kh8 {[%clk 0:01:05]} 23. Raf1
{[%clk 0:01:16]} Rg8 {[%clk 0:00:59]} 24. Rg4 {[%clk 0:01:15]} Rxg4
{[%clk 0:00:54]} 25. hxg4 {[%clk 0:01:16]} Qe7 {[%clk 0:00:41]} 26. Ng3
{[%clk 0:00:48]} Nc4 {[%clk 0:00:37]} 27. a4 {[%clk 0:00:44]} a5 {[%clk 0:00:35]}
28. Kh2 {[%clk 0:00:40]} Nb4 {[%clk 0:00:34]} 29. Qf3 {[%clk 0:00:39]} Qd7
{[%clk 0:00:22]} 30. Re1 {[%clk 0:00:35]} Nc6 {[%clk 0:00:20]} 31. Qxd5
{[%clk 0:00:31]} Kg8 {[%clk 0:00:06]} 1-0

[Event "Blitz 2018"]
[Site "Saint-Petersburg"]
[Date "2018.12.29"]
[Round "8"]
[Board "8"]
[White "Korobov Anton (UKR)"]
[Black "Anand Viswanathan (IND)"]
[Result "1-0"]
[LiveChessVersion "1.4.8"]
[BlackElo "2832"]
[WhiteElo "2677"]

1. d4 {[%clk 0:03:03]} Nf6 {[%clk 0:03:03]} 2. c4 e6 3. Nf3 {[%clk 0:03:05]} d5
{[%clk 0:03:06]} 4. Nc3 {[%clk 0:03:05]} Be7 {[%clk 0:03:07]} 5. Bg5
{[%clk 0:03:04]} h6 {[%clk 0:03:07]} 6. Bh4 {[%clk 0:03:04]} dxc4
{[%clk 0:03:08]} 7. e3 {[%clk 0:03:00]} c5 {[%clk 0:03:08]} 8. Bxc4
{[%clk 0:02:59]} cxd4 {[%clk 0:03:09]} 9. exd4 {[%clk 0:03:00]} Nc6
{[%clk 0:03:08]} 10. O-O {[%clk 0:02:58]} O-O {[%clk 0:03:09]} 11. Re1
{[%clk 0:02:54]} Nh5 {[%clk 0:03:08]} 12. Bxe7 {[%clk 0:02:51]} Nxe7
{[%clk 0:03:08]} 13. Qb3 {[%clk 0:02:21]} Nf6 {[%clk 0:03:04]} 14. Rad1
{[%clk 0:02:18]} Rb8 {[%clk 0:02:58]} 15. Ne5 {[%clk 0:02:13]} Bd7
{[%clk 0:02:58]} 16. d5 {[%clk 0:01:57]} b5 {[%clk 0:02:09]} 17. Nxd7
{[%clk 0:01:56]} Nxd7 {[%clk 0:01:43]} 18. dxe6 {[%clk 0:01:49]} bxc4
{[%clk 0:01:43]} 19. Qxc4 {[%clk 0:01:50]} Rb7 {[%clk 0:01:44]} 20. Qe4
{[%clk 0:01:36]} 1-0

[Event "Blitz 2018"]
[Site "Saint-Petersburg"]
[Date "2018.12.29"]
[Round "8"]
[Board "10"]
[White "Ghaem Maghami Ehsan (IRI)"]
[Black "Svidler Peter (RUS)"]
[Result "0-1"]
[LiveChessVersion "1.4.8"]
[BlackElo "2770"]
[WhiteElo "2582"]

1. e4 {[%clk 0:03:03]} d6 {[%clk 0:02:59]} 2. d4 {[%clk 0:03:04]} g6
{[%clk 0:02:59]} 3. Nf3 {[%clk 0:03:04]} Bg7 {[%clk 0:03:01]} 4. Be2
{[%clk 0:03:05]} Nf6 {[%clk 0:03:00]} 5. Nc3 {[%clk 0:03:06]} O-O
{[%clk 0:03:00]} 6. O-O {[%clk 0:03:07]} a6 {[%clk 0:03:01]} 7. Bg5
{[%clk 0:02:59]} h6 {[%clk 0:02:56]} 8. Bf4 {[%clk 0:02:57]} Nc6 {[%clk 0:02:57]}
9. h3 {[%clk 0:02:52]} b5 {[%clk 0:02:50]} 10. e5 {[%clk 0:02:46]} Nd7
{[%clk 0:02:44]} 11. exd6 {[%clk 0:02:10]} exd6 {[%clk 0:02:38]} 12. a4
{[%clk 0:02:03]} b4 {[%clk 0:02:38]} 13. Nd5 {[%clk 0:02:03]} Nf6
{[%clk 0:02:30]} 14. Bc4 {[%clk 0:01:51]} Na5 {[%clk 0:02:31]} 15. Ne3
{[%clk 0:01:09]} Nxc4 {[%clk 0:02:31]} 16. Nxc4 {[%clk 0:01:10]} Nd5
{[%clk 0:02:30]} 17. Bd2 {[%clk 0:01:07]} a5 {[%clk 0:02:30]} 18. Re1
{[%clk 0:01:05]} Be6 {[%clk 0:02:24]} 19. Ne3 {[%clk 0:00:57]} Qd7
{[%clk 0:02:23]} 20. c3 {[%clk 0:00:55]} bxc3 {[%clk 0:02:22]} 21. bxc3
{[%clk 0:00:55]} Nxe3 {[%clk 0:02:19]} 22. Bxe3 {[%clk 0:00:55]} Qc6
{[%clk 0:02:20]} 23. Qd2 {[%clk 0:00:52]} Kh7 {[%clk 0:02:21]} 24. Nh2
{[%clk 0:00:52]} Rab8 {[%clk 0:02:14]} 25. Ng4 {[%clk 0:00:47]} h5
{[%clk 0:02:15]} 26. Nh2 {[%clk 0:00:48]} Bd5 {[%clk 0:02:16]} 27. f3
{[%clk 0:00:40]} Rfe8 {[%clk 0:02:15]} 28. Nf1 {[%clk 0:00:38]} Rb3
{[%clk 0:02:14]} 29. Bf2 {[%clk 0:00:31]} Rxe1 {[%clk 0:01:45]} 30. Bxe1
{[%clk 0:00:32]} Qb7 {[%clk 0:01:43]} 31. Ne3 {[%clk 0:00:31]} Rb2
{[%clk 0:01:42]} 32. Qd1 {[%clk 0:00:19]} Be6 {[%clk 0:01:31]} 33. d5
{[%clk 0:00:13]} Bd7 {[%clk 0:01:18]} 34. Nc4 {[%clk 0:00:13]} Qa7+
{[%clk 0:01:19]} 35. Kh1 {[%clk 0:00:07]} Rb8 {[%clk 0:01:20]} 36. Qc2
{[%clk 0:00:05]} Qc5 {[%clk 0:01:20]} 37. Qd3 {[%clk 0:00:05]} Bf5
{[%clk 0:01:18]} 38. Qe2 {[%clk 0:00:06]} Qxd5 {[%clk 0:01:18]} 39. Bf2
{[%clk 0:00:06]} Bxc3 {[%clk 0:00:54]} 40. Rc1 {[%clk 0:00:06]} Rb3
{[%clk 0:00:43]} 41. Ne3 {[%clk 0:00:06]} Qd2 {[%clk 0:00:44]} 42. Qf1
{[%clk 0:00:05]} Bd3 {[%clk 0:00:44]} 43. Qg1 {[%clk 0:00:06]} Qxc1
{[%clk 0:00:39]} 44. Qxc1 {[%clk 0:00:07]} Rb1 {[%clk 0:00:40]} 45. Qxb1
{[%clk 0:00:08]} Bxb1 {[%clk 0:00:41]} 46. Nd5 {[%clk 0:00:08]} Bd2
{[%clk 0:00:42]} 47. Nxc7 {[%clk 0:00:08]} Bc2 {[%clk 0:00:43]} 48. Nb5
{[%clk 0:00:07]} Bb4 {[%clk 0:00:40]} 49. Bg3 {[%clk 0:00:07]} d5
{[%clk 0:00:39]} 50. Be5 {[%clk 0:00:07]} Bxa4 {[%clk 0:00:40]} 51. Nc7
{[%clk 0:00:08]} Bc6 {[%clk 0:00:38]} 52. Na6 {[%clk 0:00:06]} Be7
{[%clk 0:00:39]} 53. Nb8 {[%clk 0:00:05]} Bb5 {[%clk 0:00:40]} 0-1

[Event "Blitz 2018"]
[Site "Saint-Petersburg"]
[Date "2018.12.29"]
[Round "8"]
[Board "11"]
[White "Karjakin Sergey (RUS)"]
[Black "Vallejo Pons Francisco (ESP)"]
[Result "1-0"]
[LiveChessVersion "1.4.8"]
[BlackElo "2673"]
[WhiteElo "2759"]

1. e4 {[%clk 0:03:03]} e5 {[%clk 0:03:03]} 2. Nf3 {[%clk 0:03:04]} Nc6
{[%clk 0:03:05]} 3. Nc3 {[%clk 0:03:04]} Nf6 4. d4 exd4 {[%clk 0:03:06]} 5. Nxd4
{[%clk 0:03:07]} Nxe4 {[%clk 0:03:07]} 6. Nxe4 {[%clk 0:02:49]} Qe7
{[%clk 0:03:07]} 7. f3 {[%clk 0:01:53]} d5 {[%clk 0:03:06]} 8. Bb5
{[%clk 0:01:54]} Bd7 {[%clk 0:03:02]} 9. Bxc6 {[%clk 0:01:54]} bxc6
{[%clk 0:03:01]} 10. O-O {[%clk 0:01:52]} dxe4 {[%clk 0:03:02]} 11. fxe4
{[%clk 0:01:48]} c5 {[%clk 0:03:01]} 12. Nf5 {[%clk 0:01:30]} Qe6
{[%clk 0:03:02]} 13. Bf4 {[%clk 0:01:18]} O-O-O {[%clk 0:02:56]} 14. Qf3
{[%clk 0:01:13]} Bc6 {[%clk 0:02:51]} 15. Rae1 {[%clk 0:01:05]} g6
{[%clk 0:02:44]} 16. Qc3 {[%clk 0:01:01]} f6 {[%clk 0:02:15]} 17. Qa5
{[%clk 0:01:00]} Rd7 {[%clk 0:01:38]} 18. Qa6+ {[%clk 0:01:01]} Kb8
{[%clk 0:01:26]} 19. Rf3 {[%clk 0:00:34]} Bd5 {[%clk 0:01:02]} 20. Qb5+
{[%clk 0:00:35]} Bb7 {[%clk 0:01:02]} 21. Rb3 {[%clk 0:00:34]} Qxb3
{[%clk 0:00:16]} 22. axb3 1-0

[Event "Blitz 2018"]
[Site "Saint-Petersburg"]
[Date "2018.12.29"]
[Round "8"]
[Board "13"]
[White "Giri Anish (NED)"]
[Black "Indjic Aleksandar (SRB)"]
[Result "1/2-1/2"]
[LiveChessVersion "1.4.8"]
[BlackElo "2643"]
[WhiteElo "2751"]

1. Nf3 {[%clk 0:03:03]} g6 {[%clk 0:02:58]} 2. e4 {[%clk 0:03:04]} Bg7
{[%clk 0:02:59]} 3. d4 {[%clk 0:03:05]} d6 {[%clk 0:02:59]} 4. Be3
{[%clk 0:03:07]} a6 {[%clk 0:02:58]} 5. h3 {[%clk 0:02:57]} Nd7 {[%clk 0:02:58]}
6. Bd3 {[%clk 0:02:53]} b6 {[%clk 0:02:54]} 7. c4 {[%clk 0:02:48]} Bb7
{[%clk 0:02:54]} 8. Nc3 {[%clk 0:02:49]} e6 {[%clk 0:02:55]} 9. O-O
{[%clk 0:02:48]} h6 {[%clk 0:02:56]} 10. Qd2 {[%clk 0:02:38]} Ne7
{[%clk 0:02:55]} 11. Ne2 {[%clk 0:02:28]} e5 {[%clk 0:02:46]} 12. Ng3
{[%clk 0:02:25]} a5 {[%clk 0:02:47]} 13. Rad1 {[%clk 0:02:23]} Nc6
{[%clk 0:02:47]} 14. Bb1 {[%clk 0:02:18]} Qe7 {[%clk 0:02:42]} 15. Rfe1
{[%clk 0:02:19]} h5 {[%clk 0:02:33]} 16. b3 {[%clk 0:01:59]} O-O {[%clk 0:02:30]}
17. a3 {[%clk 0:01:47]} exd4 {[%clk 0:02:22]} 18. Nxd4 {[%clk 0:01:47]} Nxd4
{[%clk 0:02:11]} 19. Bxd4 {[%clk 0:01:48]} Bxd4 {[%clk 0:01:48]} 20. Qxd4
{[%clk 0:01:49]} h4 {[%clk 0:01:49]} 21. Nf1 {[%clk 0:01:44]} Rae8
{[%clk 0:01:43]} 22. Bc2 {[%clk 0:01:42]} Qg5 {[%clk 0:01:41]} 23. Qd2
{[%clk 0:01:36]} Qxd2 {[%clk 0:01:36]} 24. Nxd2 {[%clk 0:01:37]} g5
{[%clk 0:01:27]} 25. Nf3 {[%clk 0:01:36]} f6 {[%clk 0:01:27]} 26. Nd4
{[%clk 0:01:35]} Ne5 {[%clk 0:01:25]} 27. Nb5 {[%clk 0:01:04]} Re7
{[%clk 0:01:25]} 28. Nc3 {[%clk 0:01:05]} Rfe8 {[%clk 0:00:55]} 29. Kf1
{[%clk 0:01:06]} Kg7 {[%clk 0:00:52]} 30. f3 {[%clk 0:00:51]} Ng6
{[%clk 0:00:52]} 31. Ne2 {[%clk 0:00:41]} Nf4 {[%clk 0:00:42]} 32. Nd4
{[%clk 0:00:27]} Re5 {[%clk 0:00:38]} 33. b4 {[%clk 0:00:25]} Ba6
{[%clk 0:00:31]} 34. Bb3 {[%clk 0:00:21]} Bb7 {[%clk 0:00:24]} 35. Nf5+
{[%clk 0:00:20]} 1/2-1/2

[Event "Blitz 2018"]
[Site "Saint-Petersburg"]
[Date "2018.12.29"]
[Round "8"]
[Board "14"]
[White "Petrosian Tigran L. (ARM)"]
[Black "Cheparinov Ivan (GEO)"]
[Result "0-1"]
[LiveChessVersion "1.4.8"]
[BlackElo "2618"]
[WhiteElo "2700"]

1. Nf3 {[%clk 0:03:03]} d5 {[%clk 0:03:03]} 2. g3 {[%clk 0:03:05]} g6
{[%clk 0:03:03]} 3. Bg2 {[%clk 0:03:05]} Bg7 {[%clk 0:03:05]} 4. O-O
{[%clk 0:03:05]} e5 {[%clk 0:03:06]} 5. d3 {[%clk 0:03:05]} Ne7 {[%clk 0:03:06]}
6. c4 {[%clk 0:03:01]} c6 {[%clk 0:03:06]} 7. Nc3 {[%clk 0:03:00]} O-O
{[%clk 0:02:57]} 8. Qc2 {[%clk 0:02:54]} d4 {[%clk 0:02:49]} 9. Ne4
{[%clk 0:02:51]} f5 {[%clk 0:02:38]} 10. Ned2 {[%clk 0:02:52]} c5
{[%clk 0:02:26]} 11. b4 {[%clk 0:02:46]} Nbc6 {[%clk 0:02:12]} 12. bxc5
{[%clk 0:02:36]} e4 {[%clk 0:02:06]} 13. Ng5 {[%clk 0:02:01]} h6 {[%clk 0:01:57]}
14. Ngxe4 {[%clk 0:01:40]} fxe4 {[%clk 0:01:58]} 15. Nxe4 {[%clk 0:01:41]} Be6
{[%clk 0:01:50]} 16. Rb1 {[%clk 0:01:38]} Qd7 {[%clk 0:01:50]} 17. Qb2
{[%clk 0:01:19]} Rab8 {[%clk 0:01:27]} 18. Re1 {[%clk 0:01:03]} g5
{[%clk 0:01:24]} 19. Qd2 {[%clk 0:00:58]} Ng6 {[%clk 0:01:16]} 20. Bb2
{[%clk 0:00:57]} Be5 {[%clk 0:01:07]} 21. Rbd1 {[%clk 0:00:28]} Bh3
{[%clk 0:01:06]} 22. Bh1 {[%clk 0:00:27]} Rf7 {[%clk 0:01:03]} 23. e3
{[%clk 0:00:26]} Rbf8 {[%clk 0:00:51]} 24. exd4 {[%clk 0:00:08]} Bxd4
{[%clk 0:00:45]} 25. Re2 {[%clk 0:00:05]} Qg4 {[%clk 0:00:28]} 26. Rde1
{[%clk 0:00:03]} Nge5 {[%clk 0:00:26]} 27. Nd6 {[%clk 0:00:04]} Nf3+
{[%clk 0:00:25]} 0-1

[Event "Blitz 2018"]
[Site "Saint-Petersburg"]
[Date "2018.12.29"]
[Round "8"]
[Board "15"]
[White "Golubov Saveliy (RUS)"]
[Black "Kovalenko Igor (LAT)"]
[Result "0-1"]
[LiveChessVersion "1.4.8"]
[BlackElo "2693"]
[WhiteElo "2574"]

1. d4 {[%clk 0:03:03]} Nf6 {[%clk 0:03:03]} 2. Nf3 {[%clk 0:03:04]} c6
{[%clk 0:03:04]} 3. e3 {[%clk 0:03:02]} g6 {[%clk 0:02:57]} 4. Bd3
{[%clk 0:03:02]} Bg7 {[%clk 0:02:58]} 5. O-O {[%clk 0:03:03]} O-O
{[%clk 0:02:59]} 6. b3 {[%clk 0:03:03]} d5 {[%clk 0:02:58]} 7. Nbd2
{[%clk 0:03:00]} Bg4 {[%clk 0:02:46]} 8. Bb2 {[%clk 0:02:58]} Nbd7
{[%clk 0:02:47]} 9. h3 {[%clk 0:02:58]} Bxf3 {[%clk 0:02:48]} 10. Nxf3
{[%clk 0:02:56]} Re8 {[%clk 0:02:49]} 11. c4 {[%clk 0:02:53]} a5 {[%clk 0:02:50]}
12. Ne5 {[%clk 0:02:26]} e6 {[%clk 0:02:51]} 13. Nxd7 {[%clk 0:01:35]} Nxd7
{[%clk 0:02:49]} 14. Rc1 {[%clk 0:01:32]} f5 {[%clk 0:02:49]} 15. Qc2
{[%clk 0:01:22]} Qh4 {[%clk 0:02:40]} 16. a3 {[%clk 0:00:44]} Bf8
{[%clk 0:02:41]} 17. f4 {[%clk 0:00:37]} Nf6 {[%clk 0:02:31]} 18. Qf2
{[%clk 0:00:38]} Qh6 {[%clk 0:02:32]} 19. Qf3 {[%clk 0:00:29]} Qh4
{[%clk 0:02:21]} 20. Qf2 {[%clk 0:00:30]} Qxf2+ {[%clk 0:02:19]} 21. Kxf2
{[%clk 0:00:30]} Kf7 {[%clk 0:02:18]} 22. Kf3 {[%clk 0:00:28]} h6
{[%clk 0:02:18]} 23. c5 {[%clk 0:00:19]} Be7 24. Bc3 Rg8 {[%clk 0:02:12]} 25. g4
{[%clk 0:00:11]} Ne4 {[%clk 0:02:10]} 26. Bxe4 {[%clk 0:00:10]} dxe4+
{[%clk 0:02:10]} 27. Ke2 {[%clk 0:00:09]} Rgb8 {[%clk 0:02:00]} 28. Rc2
{[%clk 0:00:03]} b5 29. Bd2 a4 {[%clk 0:01:55]} 30. b4 {[%clk 0:00:04]} Rg8
{[%clk 0:01:56]} 31. Rg1 {[%clk 0:00:04]} g5 {[%clk 0:01:57]} 32. gxf5
{[%clk 0:00:04]} exf5 {[%clk 0:01:58]} 33. fxg5 {[%clk 0:00:04]} Rxg5
{[%clk 0:01:55]} 34. Rcc1 {[%clk 0:00:03]} Ke6 {[%clk 0:01:55]} 35. d5+
{[%clk 0:00:04]} Kxd5 {[%clk 0:01:55]} 36. Bc3 {[%clk 0:00:05]} Rag8
{[%clk 0:01:54]} 37. Rxg5 {[%clk 0:00:04]} Rxg5 {[%clk 0:01:53]} 38. Rf1
{[%clk 0:00:03]} Ke6 {[%clk 0:01:55]} 39. Kf2 {[%clk 0:00:03]} Rg6
{[%clk 0:01:54]} 40. Rg1 {[%clk 0:00:03]} Bh4+ {[%clk 0:01:53]} 41. Kf1
{[%clk 0:00:05]} Rxg1+ {[%clk 0:01:54]} 42. Kxg1 {[%clk 0:00:06]} Kd5
{[%clk 0:01:56]} 0-1

[Event "Blitz 2018"]
[Site "Saint-Petersburg"]
[Date "2018.12.29"]
[Round "8"]
[Board "16"]
[White "Zhigalko Sergei (BLR)"]
[Black "Kovalev Vladislav (BLR)"]
[Result "1-0"]
[LiveChessVersion "1.4.8"]
[BlackElo "2553"]
[WhiteElo "2693"]

1. e4 {[%clk 0:03:03]} e5 {[%clk 0:03:04]} 2. Nf3 Nc6 {[%clk 0:03:05]} 3. Bb5
{[%clk 0:03:06]} a6 {[%clk 0:03:07]} 4. Ba4 {[%clk 0:03:07]} Nf6 {[%clk 0:03:08]}
5. O-O {[%clk 0:03:08]} Be7 {[%clk 0:03:09]} 6. Re1 {[%clk 0:03:09]} b5
{[%clk 0:03:11]} 7. Bb3 d6 8. c3 {[%clk 0:03:12]} O-O {[%clk 0:03:13]} 9. h3
{[%clk 0:03:13]} Nb8 {[%clk 0:03:14]} 10. d4 {[%clk 0:03:14]} Nbd7
{[%clk 0:03:15]} 11. Nbd2 {[%clk 0:03:15]} c5 {[%clk 0:03:16]} 12. d5
{[%clk 0:02:46]} c4 {[%clk 0:03:17]} 13. Bc2 {[%clk 0:02:47]} Qc7
{[%clk 0:03:19]} 14. Nf1 a5 15. Be3 {[%clk 0:02:42]} Nc5 {[%clk 0:03:21]} 16.
N1d2 {[%clk 0:02:42]} Bd7 {[%clk 0:02:56]} 17. Qe2 {[%clk 0:02:31]} Rfb8
{[%clk 0:02:47]} 18. Rec1 {[%clk 0:02:22]} b4 {[%clk 0:02:43]} 19. cxb4
{[%clk 0:01:51]} Rxb4 {[%clk 0:02:39]} 20. Nxc4 {[%clk 0:01:42]} Bb5
{[%clk 0:02:03]} 21. Nfd2 {[%clk 0:00:53]} Rxb2 {[%clk 0:01:44]} 22. Qd1
{[%clk 0:00:36]} Rb4 {[%clk 0:01:34]} 23. Bxc5 {[%clk 0:00:20]} Qxc5
{[%clk 0:01:32]} 24. Bd3 {[%clk 0:00:18]} Bxc4 {[%clk 0:01:22]} 25. Nxc4
{[%clk 0:00:15]} Nxe4 {[%clk 0:00:44]} 26. Bxe4 {[%clk 0:00:05]} Rxc4
{[%clk 0:00:45]} 27. Bxh7+ {[%clk 0:00:06]} Kf8 {[%clk 0:00:39]} 28. Bd3
{[%clk 0:00:04]} Rxc1 {[%clk 0:00:37]} 29. Rxc1 {[%clk 0:00:04]} Qa7
{[%clk 0:00:14]} 30. Qh5 {[%clk 0:00:04]} Bf6 {[%clk 0:00:16]} 31. Bb5
{[%clk 0:00:03]} Ke7 {[%clk 0:00:13]} 32. Qe2 {[%clk 0:00:03]} Rb8
{[%clk 0:00:11]} 33. a4 {[%clk 0:00:05]} Rb7 {[%clk 0:00:07]} 34. Rc6
{[%clk 0:00:06]} Rc7 {[%clk 0:00:06]} 35. g3 {[%clk 0:00:07]} Rxc6 36. dxc6
{[%clk 0:00:08]} Qc5 {[%clk 0:00:05]} 37. Qg4 {[%clk 0:00:08]} Qc1+
{[%clk 0:00:03]} 38. Kg2 {[%clk 0:00:09]} g6 {[%clk 0:00:04]} 39. Qd7+
{[%clk 0:00:10]} Kf8 {[%clk 0:00:04]} 40. c7 {[%clk 0:00:10]} 1-0